| 000 | 00000nam##2200000za#4500 |
| 001 | 9.612639 |
| 003 | CaOODSP |
| 005 | 20220111083424 |
| 007 | ta |
| 008 | 150406|1995||||xxc||||| f|0| 0 eng|d |
| 020 | |a0-662-23925-3 |
| 022 | |a1713-0638 |
| 040 | |aCaOODSP|beng |
| 043 | |an-cn--- |
| 086 | 1 |aNE22-1/1995-11E |
| 110 | 1 |aCanada. |bNational Energy Board. |
| 245 | 10|aTransCanada PipeLines Limited : |bapplication dated 18 April 1995, as amended, for 1996 and 1997 facilities |
| 260 | |aCalgary - Alberta : |bNational Energy Board |cNovember, 1995. |
| 300 | |axi, 70p. : |bfig., tables ; |c28 cm. |
| 490 | 1 |aReasons for decision|x1713-0638 |
| 563 | |aSoftcover |
| 590 | |a95-50|b1995-12-15 |
| 775 | 08|tTransCanada PipeLines Limited : |w(CaOODSP)9.623563 |
| 776 | 0#|tReasons for decision in the matter of TransCanada PipeLines Limited : |w(CaOODSP)9.572464 |
| 830 | #0|aReasons for decision (Canada. National Energy Board)|x1713-0638|w(CaOODSP)9.514808 |
| 986 | |aGH-3-95 |